Norman, the slug with the silly shell / (Record no. 49277)
| 000 -LEADER | |
|---|---|
| fixed length control field | 01427cam a2200325 i 4500 |
| 001 - CONTROL NUMBER | |
| control field | 19366902 |
| 005 - DATE AND TIME OF LATEST TRANSACTION | |
| control field | 20250813114516.0 |
| 008 - FIXED-LENGTH DATA ELEMENTS--GENERAL INFORMATION | |
| fixed length control field | 161107t20172011nyua j 000 1 eng d |
| 010 ## - LIBRARY OF CONGRESS CONTROL NUMBER | |
| LC control number | 2016959118 |
| 020 ## - INTERNATIONAL STANDARD BOOK NUMBER | |
| International Standard Book Number | 9781847389763 |
| 020 ## - INTERNATIONAL STANDARD BOOK NUMBER | |
| International Standard Book Number | 9781481490320 |
| Qualifying information | (hardcover) |
| 020 ## - INTERNATIONAL STANDARD BOOK NUMBER | |
| Cancelled/invalid ISBN | 9781481490344 |
| Qualifying information | (ebook) |
| 035 ## - SYSTEM CONTROL NUMBER | |
| System control number | 19366902 |
| 035 ## - SYSTEM CONTROL NUMBER | |
| System control number | (OCoLC)960033822 |
| 040 ## - CATALOGING SOURCE | |
| Original cataloging agency | YDX |
| Language of cataloging | eng |
| Transcribing agency | YDX |
| Description conventions | rda |
| Modifying agency | BTCTA |
| -- | BDX |
| -- | OCLCQ |
| -- | CHILD |
| -- | CLE |
| -- | UAP |
| -- | IZ2 |
| -- | DPL |
| -- | TXCVP |
| -- | IHX |
| -- | EHH |
| -- | ZAC |
| -- | OCLCF |
| -- | ZXS |
| -- | CO2 |
| -- | KCP |
| -- | JCW |
| -- | KLP |
| -- | PCX |
| -- | LE# |
| -- | P@N |
| -- | TOH |
| -- | MJ8 |
| -- | IVJ |
| -- | IWE |
| -- | ON3 |
| -- | XYZ |
| -- | APR |
| -- | JVX |
| -- | OCLCQ |
| -- | ANK |
| -- | FLQ |
| -- | UPM |
| -- | IHE |
| -- | OCLCQ |
| -- | UIU |
| -- | OCLCO |
| -- | DLC |
| 042 ## - AUTHENTICATION CODE | |
| Authentication code | lccopycat |
| 050 00 - LIBRARY OF CONGRESS CALL NUMBER | |
| Classification number | PZ7.H3853 |
| Item number | Nor 2017 |
| 082 04 - DEWEY DECIMAL CLASSIFICATION NUMBER | |
| Classification number | [E] |
| Edition number | 23 |
| 100 1# - MAIN ENTRY--PERSONAL NAME | |
| Personal name | Hendra, Sue, |
| Relator term | author, |
| -- | illustrator. |
| 9 (RLIN) | 55758 |
| 245 10 - TITLE STATEMENT | |
| Title | Norman, the slug with the silly shell / |
| Statement of responsibility, etc | by Sue Hendra. |
| 260 ## - PUBLICATION, DISTRIBUTION, ETC. (IMPRINT) | |
| Place of publication, distribution, etc | London, England: |
| Name of publisher, distributor, etc | Simon & Schuste; |
| Date of publication, distribution, etc | 2011. |
| 300 ## - PHYSICAL DESCRIPTION | |
| Extent | 32 pages. |
| Other physical details | color illustrations ; |
| Dimensions | 10.24 x 0.01 x 10.24 inches. |
| 500 ## - GENERAL NOTE | |
| General note | "Originally published in Great Britain in 2011 by Simon & Schuster UK Ltd"--Title page verso. |
| 520 ## - SUMMARY, ETC. | |
| Summary, etc | Norman is a slug who wants to be a snail, but only if he finds the perfect shell. After trying out some possibilities, he stumbles upon a doughnut. |
| 521 1# - TARGET AUDIENCE NOTE | |
| Target audience note | Ages 4-8. |
| 650 #0 - SUBJECT ADDED ENTRY--TOPICAL TERM | |
| Topical term or geographic name as entry element | Self-esteem |
| Form subdivision | Juvenile fiction. |
| 650 ## - SUBJECT ADDED ENTRY--TOPICAL TERM | |
| Topical term or geographic name as entry element | Snails |
| Form subdivision | Fiction. |
| 9 (RLIN) | 45442 |
| 942 ## - ADDED ENTRY ELEMENTS (KOHA) | |
| Source of classification or shelving scheme | |
| Koha item type | Book |
| Withdrawn status | Lost status | Source of classification or shelving scheme | Damaged status | Not for loan | Home library | Current library | Date acquired | Total Checkouts | Full call number | Barcode | Checked out | Date last seen | Date checked out | Price effective from | Koha item type |
|---|---|---|---|---|---|---|---|---|---|---|---|---|---|---|---|
| Logos International School | Logos International School | 08/13/2025 | 2 | E HEN | 042845 | 05/08/2026 | 04/30/2026 | 04/30/2026 | 08/13/2025 | Book |